El cliente (Registro nro. 255288)

Detalles MARC
000 -ENCABEZADO
Número de control [NR] 02711 a2200337 4500
005 - FECHA Y HORA DE LA ÚLTIMA TRANSACCIÓN
control field 20140604100142.0
008 - DE LONGITUD FIJA DE DATOS DE ELEMENTOS - INFORMACIÓN GENERAL
Elementos de longitud fija [NR] 140531s1994 xxu g q mlmul d
040 ## - FUENTE DE CATALOGACION [NR]
Agencia de catalogación original [NR] CO-BoUCM
Idioma de catalogación [NR] spa
Quien Cataloga
Quien Clasifica Aldemar Mondragón
041 ## - CODIGO DE IDIOMA [R]
Código de idioma para texto/pista de sonido o título separado [R] Inglés
041 ## - CODIGO DE IDIOMA [R]
Código de idioma para texto/pista de sonido o título separado [R] Español
092 ## - SIGNATURA TOPOGRAFICA LOCAL
Número de clasificación local DVD 1468
245 03 - MENCION DE TITULO [NR]
Título [NR] El cliente
Mención de responsabilidad, etc. [NR] Joel Schumacher, director
Medio físico [NR] [DVD]
246 13 - FORMA VARIANTE DEL TITULO [R]
Título propiamente dicho/forma breve del título [NR] The Client
260 ## - PUBLICACION, DISTRIBUCION, ETC. (PIE DE IMPRENTA) [R]
Fecha de publicación, distribución, etc. [R] 1994
Lugar de publicación, distribución, etc. [R] México D.F. (México)
Nombre del editor, distribuidor, etc. [R] Warner Bros. Pictures
300 ## - DESCRIPCION FISICA [R]
Extensión [R] 2 DVD, 121 minutos
Otros detalles físicos [NR] imagen, sonido, color
500 ## - NOTA GENERAL [R]
Nota general [NR] SINOPSIS: Marcos Sway es un niño de 11 años que vive con su madre y hermano en un remolque. Un día, él y su hermano están fuera cuando un auto se detiene al lado de ellos. El conductor entonces pone una manguera en su escape y coloca el otro extremo en el coche. Marcos lo saca. Pero el hombre lo ve,lo agarra y lo lleva al interior del coche. El hombre habla con Marcos luego se suicida. El choque envía el hermano de Marcos en un estado catatónico. La policía lo cuestiona y les hace pensar que está diciendo más de lo que sabe. Roy Foltrigg, un fiscal con ambiciones políticas le dice a Marcos que quiere hablar con él al día siguiente. Marcos le dice sobre el hombre que se suicidó. Reggie le dice que es un abogado de la mafia. Y uno de sus clientes es un miembro de una familia mafiosa que es sospechoso de matar a un senador que estaba tratando de acabar con su familia. Pero debido a que el cuerpo del senador no se encuentra, ellos no pueden procesarlo
508 ## - NOTA DE CREDITOS DE CREACION/PRODUCCION [R]
Nota de créditos de creación/producción [NR] CRÉDITOS: Dirigida por Joel Schumacher ; guion por Akiva Goldsman y Robert Getchell ; producida por Guy Ferland ; música por Howard Shore ; fotografía por Tony Pierce-Roberts ; diseño de producción por Bruno Rubeo ; dirección de arte por P. Michael Johnston y James F. Truesdale ; ambientación por Anne D. McCulley ; vestuario por Ingrid Ferrin ; maquillaje por Lydia Milars
511 0# - NOTA DE PARTICIPANTE O INTERPRETE [R]
Nota de participante o intérprete [NR] REPARTO: Susan Sarandon, Tommy Lee Jones, Mary-Louise Parker, Anthony LaPaglia, J.T. Walsh, Anthony Edwards, Brad Renfro, Will Patton, Bradley Whitford, Anthony Heald
546 ## - NOTA DE IDIOMA [R]
Nota de idioma [NR] Audio en inglés y español. Subtítulos en inglés, español y portugués
650 #7 - ASIENTO SECUNDARIO DE MATERIA - TERMINO TEMATICO [R]
9 (RLIN) 8252
Término temático o nombre geográfico como elemento de entrada [NR] Abogados en el cine
Subdivisión de forma [R] DVD
650 #7 - ASIENTO SECUNDARIO DE MATERIA - TERMINO TEMATICO [R]
9 (RLIN) 18195
Término temático o nombre geográfico como elemento de entrada [NR] Justicia
Subdivisión de forma [R] DVD
650 #7 - ASIENTO SECUNDARIO DE MATERIA - TERMINO TEMATICO [R]
9 (RLIN) 51342
Término temático o nombre geográfico como elemento de entrada [NR] Películas de acción
Subdivisión de forma [R] DVD
690 ## - ASUNTO AGREGADO LOCAL DE ENTRADA - TÉRMINO TEMÁTICO (OCLC, RLIN)
9 (RLIN) 42805
Acceso temático local Entretenimiento
700 1# - ASIENTO SECUNDARIO - NOMBRE PERSONAL [R]
Nombre personal [NR] Schumacher, Joel
Término de relación [R] director
9 (RLIN) 62062
710 2# - ASIENTO SECUNDARIO - NOMBRE CORPORATIVO [R]
Nombre corporativo o de jurisdicción como elemento de entrada [NR] Warner Bros. Pictures
9 (RLIN) 41920
710 2# - ASIENTO SECUNDARIO - NOMBRE CORPORATIVO [R]
Nombre corporativo o de jurisdicción como elemento de entrada [NR] Regency Enterprises
9 (RLIN) 56638
710 2# - ASIENTO SECUNDARIO - NOMBRE CORPORATIVO [R]
Nombre corporativo o de jurisdicción como elemento de entrada [NR] Alcor Films
9 (RLIN) 62063
765 0# - ASIENTO DE IDIOMA ORIGINAL [R]
Título [NR] The Client
856 40 - LOCALIZACION Y ACCESO ELECTRONICOS [R]
Identificador Uniforme del Recurso (“URI”) [R] <a href="http://www.youtube.com/watch?v=EZY7_dCQRgk">http://www.youtube.com/watch?v=EZY7_dCQRgk</a>
Nota dirigida al público [R] Siga este enlace para ver el trailer
-- Trailer tomado del canal warnervod vía YouTube.com
942 ## - ELEMENTOS DE ENTRADA AGREGADOS (KOHA)
Source of classification or shelving scheme LOCAL
Tema principal Entretenimiento
Koha item type Multimedia
Edition 1
Existencias
Suprimido Perdido Sistema de clasificación Dañado No prestable Tipo de ítem específico Ubicación habitual Ubicación actual Localización Fecha de creación Proveedor Forma de adquisición Costo Volúmen / Fascículo Signatura topográfica Código de barras Última vez visto Ejemplar Costo de reposición Price effective from Tipo de ítem Total préstamos Total Renewals Fecha de último préstamo
    LOCAL     DVD Claustro Claustro Colección digital 18/02/2014 12 Donación 26000.00 DISCO.1 DVD 1468 100142870 10/12/2024 Ej.2 26000.00 18/02/2014 Multimedia 6 4 19/05/2017
    LOCAL   Préstamo restringido DVD Procesos Técnicos (no para préstamo) Procesos Técnicos (no para préstamo) Procesos Técnicos 18/02/2014 12 Donación 26000.00 DISCO.1-2 DVD 1468 100142869 09/12/2025 Ej.1 26000.00 18/02/2014 Multimedia